| 000 | 00800nam a22002417a 4500 | ||
|---|---|---|---|
| 003 | DO-SdBNP | ||
| 005 | 20211109080050.0 | ||
| 007 | ta | ||
| 008 | 211108b2017 dr ac||| |||| 00| 0 spa d | ||
| 040 |
_aDO-SdBNP _bspa _cBNPHU |
||
| 082 | 4 |
_bR621a _222 |
|
| 100 | 1 |
_aRivera, Rosanna _975705 |
|
| 245 | 1 | 0 |
_a A kitten in the colonial city / _cRossanna Rivera ; illustrations: Moisés Feliz ; translations: Martha Lugo. |
| 260 |
_aSanto Domingo : _bKah Kow Experience, _c2017. |
||
| 300 |
_a31 p. : _bil. ; _c29 cm. |
||
| 500 | _aIncluye datos de la autora | ||
| 590 | _aInventariado, 2021 /LP | ||
| 590 | _aLa biblioteca posee 2 ejemplar autografiado por la autora | ||
| 700 | 1 |
_aFeliz, Moisés, _eil. _978734 |
|
| 700 | 1 |
_aLugo, Martha, _etr. _943160 |
|
| 910 | _aLopérez | ||
| 942 |
_2ddc _cLBS1 |
||
| 999 |
_c50887 _d50887 |
||